[Event "GER-ch Net Amateur Gr-C Vor1"]
[Site "Playchess.com INT"]
[Date "2020.04.14"]
[Round "6"]
[White "Hell, Marco"]
[Black "Mueller, Cosima"]
[Result "1-0"]
[WhiteElo "1620"]
[BlackElo "1417"]
[PlyCount "57"]
[EventDate "2020.04.14"]
[EventType "swiss (blitz)"]
[EventRounds "9"]
[EventCountry "GER"]
[SourceTitle "CBM 196 Extra"]
[Source "ChessBase"]
[SourceDate "2020.07.31"]
[SourceVersion "1"]
[SourceVersionDate "2020.07.31"]
[SourceQuality "1"]

1. e4 c5 2. c3 Nc6 3. d4 e6 4. Nf3 g6 5. Be3 d6 6. Bb5 Bd7 7. 0-0 Bg7 8. e5 dxe5 9. Bxc6 Bxc6 10. Nxe5 Qd5 11. Nxc6 Qxc6 12. dxc5 Rd8 13. Qb3 Nf6 14. f3 0-0 15. Kh1 Nd5 16. Bd4 e5 17. Bf2 b6 18. cxb6 axb6 19. Nd2 Nf4 20. Ne4 Qd7 21. Rad1 Qe6 22. Qxe6 fxe6 23. Bxb6 Rb8 24. Bc5 Rxb2 25. Bxf8 Bxf8 26. Rd8 Rxa2 27. Nf6+ Kg7 28. Ng4 Rxg2 29. Nxe5 1-0